Hội nông dân Việt Nam với công tác dạy nghề và hỗ trợ việc làm cho nông dân /

Đã lưu trong:
Sonraí Bibleagrafaíochta
Príomhúdar: Nguyễn Hữu Mai
Formáid: Bài viết
Teanga:Vietnamese
Ábhair:
Clibeanna: Cuir Clib Leis
Gan Chlibeanna, Bí ar an gcéad duine leis an taifead seo a chlibeáil!
Thư viện lưu trữ: Thư viện Trường Đại học Đà Lạt
LEADER 00864nam a2200301 4500
001 DLU060053852
040 # # |a DLU  |b vie 
041 # # |a vie 
044 # # |a vn 
100 # # |a Nguyễn Hữu Mai 
245 # # |a Hội nông dân Việt Nam với công tác dạy nghề và hỗ trợ việc làm cho nông dân /  |c Nguyễn Hữu Mai 
653 # # |a Dạy nghề 
653 # # |a Hội nông dân 
653 # # |a Việc làm 
653 # # |a Việt Nam 
653 # # |a Xóa đói giảm nghèo 
773 # # |t Lao động và xã hội   |g Số 259, 2005, tr.1-2- 
920 # # |a Phòng Tạp chí -- Trung tâm Thông tin - Thư viện Trường Đại học Đà Lạt 
933 # # |a CP 
994 # # |a DLU 
900 # # |a True 
911 # # |a Nguyễn Thị Yên 
925 # # |a G 
926 # # |a A 
927 # # |a BB 
980 # # |a Thư viện Trường Đại học Đà Lạt